000 00879nam a2200229Ia 4500
003 OSt
005 20260525233452.0
008 160316s2013 xxu||||| |||| 00| 0 eng d
082 _a341.754 NAT
245 _aOrientation program for I.E.S. officers :
_bsource material for circulation among participants only 25th to 29th November 2013 (part-02) /
_cNLSIU
250 _aPart 02
260 _aBangalore :
_bNational Law School of India University.
_c2013.
300 _a360-694 p. ;
_c26 cm,.
650 _aDivisions - laws
650 _aConstitution - constitutionalism
650 _aControl - legislation - role of law - separation of laws
650 _aJudicial review - administrative - discretion - law
650 _aPractice - Procedure - administrative adjudication
700 _aNLSIU
856 _uhttps://dans.nls.ac.in/handle/123456789/3876
942 _2ddc
_cREP
999 _c36255
_d36255